[Event "NOR-ch Class4"]
[Site "Oslo"]
[Date "2015.07.04"]
[Round "6"]
[White "Kellman, Jukka MK"]
[Black "Hauge, Eirik"]
[Result "1/2-1/2"]
[WhiteElo "1200"]
[BlackElo "1111"]
[PlyCount "94"]
[EventDate "2015.07.04"]
[EventType "swiss"]
[EventRounds "9"]
[EventCountry "NOR"]
[SourceTitle "EXT 2017"]
[Source "ChessBase"]
[SourceDate "2016.10.25"]
[SourceVersion "1"]
[SourceVersionDate "2016.10.25"]
[SourceQuality "1"]

1. d4 Nf6 2. c4 e6 3. Nc3 Bb4 4. Nf3 b6 5. Bg5 Bb7 6. e3 0-0 7. Bd3 h6 8. Bh4 c5 9. 0-0 Bxc3 10. bxc3 d6 11. e4 e5 12. dxe5 dxe5 13. Nxe5 Qd6 14. Bxf6 Qxf6 15. f4 Nc6 16. Nd7 Qxc3 17. Nxf8 Rxf8 18. Qc2 Qd4+ 19. Kh1 Nb4 20. Qe2 Qxd3 21. Qxd3 Nxd3 22. e5 Ba6 23. Rf3 Rd8 24. h3 Bxc4 25. Kh2 Nb4 26. Rf2 g6 27. g4 Re8 28. h4 a5 29. Kg3 Kg7 30. Rd2 b5 31. a4 g5 32. hxg5 hxg5 33. axb5 gxf4+ 34. Kxf4 Bxb5 35. Rxa5 Nd3+ 36. Kg3 Rb8 37. Rxb5 Rxb5 38. Rxd3 c4 39. Rd7 Rxe5 40. Rc7 Re4 41. Kf3 Rd4 42. Rc6 f6 43. Rc5 Kg6 44. Rc6 Kg5 45. Rc5+ Kg6 46. Rc6 Kg5 47. Rc5+ Kg6 1/2-1/2

[Event "Bergen Grand Prix"]
[Site "Bergen"]
[Date "2010.11.26"]
[Round "1"]
[White "Jacobsen, Caroline Beer"]
[Black "Hauge, Eirik"]
[Result "1-0"]
[WhiteElo "1195"]
[BlackElo "662"]
[PlyCount "89"]
[EventDate "2010.11.26"]
[EventType "swiss"]
[EventRounds "5"]
[EventCountry "NOR"]
[SourceTitle "EXT 2024"]
[Source "ChessBase"]
[SourceDate "2023.10.10"]
[SourceVersion "1"]
[SourceVersionDate "2023.10.10"]
[SourceQuality "1"]

1. e4 e5 2. Nf3 Nc6 3. Bb5 a6 4. Ba4 b5 5. Bb3 Nf6 6. 0-0 d6 7. Ng5 Be6 8. Nxe6 fxe6 9. Bxe6 Nd4 10. Bh3 Be7 11. c3 Nc6 12. Be6 d5 13. exd5 Nxd5 14. Qf3 Nf6 15. Qxc6+ Kf8 16. f4 exf4 17. Rxf4 Rb8 18. d4 Rb6 19. Qd7 Qxd7 20. Bxd7 Rd6 21. Bh3 Ke8 22. Rf1 Rf8 23. Bf4 Rd7 24. Bxd7+ Nxd7 25. Bxc7 Bg5 26. Rxf8+ Nxf8 27. Kf2 Bc1 28. a4 Bxb2 29. Ra2 Bc1 30. axb5 axb5 31. g3 Ne6 32. Re2 Kd7 33. Be5 Bg5 34. Nd2 Kc6 35. Ne4 Be7 36. Rb2 Kd5 37. Ke3 Kc4 38. Bd6 Bxd6 39. Nxd6+ Kxc3 40. Rxb5 g6 41. d5 Ng5 42. Ne4+ Nxe4 43. Kxe4 Kc4 44. Rb8 Kc5 45. Rc8+ 1-0